000 00385nam a2200097Ia 4500
008 180130s9999 xx 000 0 und d
245 _cNaseer, M. Azeem
_aA causal relationship between trade, FDI, exchange rates and economic growth of Pakistan
260 _c2016
300 _aBook title: Information technology management--Acession number C20746; pages 215-220
650 _aIT MANAGEMENT
999 _c354275
_d354275